[Event "Novosibirsk Sukharev Memorial Seniors"]
[Site "Novosibirsk"]
[Date "2012.07.24"]
[Round "7"]
[White "Migunov, Vladislav"]
[Black "Chernoev, Yakov"]
[Result "1-0"]
[WhiteElo "1769"]
[BlackElo "1875"]
[PlyCount "81"]
[EventDate "2012.07.18"]
[EventType "swiss"]
[EventRounds "9"]
[EventCountry "RUS"]
[SourceTitle "EXT 2014"]
[Source "ChessBase"]
[SourceDate "2013.11.20"]
[SourceVersion "1"]
[SourceVersionDate "2013.11.20"]
[SourceQuality "1"]

1. e4 e5 2. Nf3 d6 3. d4 Nd7 4. Bc4 Nb6 5. Bb3 exd4 6. Ng5 Nh6 7. Qxd4 Bg4 8. h3 Bh5 9. h4 f6 10. Ne6 Qd7 11. Bxh6 c5 12. Qd3 gxh6 13. f4 Rc8 14. Bd5 Bf7 15. f5 Nxd5 16. exd5 Bxe6 17. dxe6 Qc6 18. Rh2 Be7 19. Nc3 Rg8 20. 0-0-0 Rg4 21. Nb5 c4 22. Qd5 Qxd5 23. Rxd5 a6 24. Nxd6+ Bxd6 25. Rxd6 Rd8 26. Rxd8+ Kxd8 27. Rh1 b6 28. Rd1+ Ke8 29. Rd7 Rxh4 30. Rxh7 Rh5 31. Rb7 Rxf5 32. Rh7 h5 33. Kd2 Re5 34. Kc3 Rxe6 35. Rxh5 Kf7 36. Kxc4 Kg6 37. Rh8 f5 38. Rg8+ Kf6 39. Kd3 f4 40. b4 f3 41. gxf3 1-0

[Event "Novosibirsk Sukharev Memorial Seniors"]
[Site "Novosibirsk"]
[Date "2012.07.23"]
[Round "6"]
[White "Chernoev, Yakov"]
[Black "Kuryshev, Alexander"]
[Result "0-1"]
[WhiteElo "1875"]
[BlackElo "1918"]
[PlyCount "96"]
[EventDate "2012.07.18"]
[EventType "swiss"]
[EventRounds "9"]
[EventCountry "RUS"]
[SourceTitle "EXT 2014"]
[Source "ChessBase"]
[SourceDate "2013.11.20"]
[SourceVersion "1"]
[SourceVersionDate "2013.11.20"]
[SourceQuality "1"]

1. c4 e6 2. Nc3 b6 3. Nf3 Bb7 4. e3 c5 5. Be2 Nf6 6. 0-0 Be7 7. d3 0-0 8. e4 d6 9. Re1 Nbd7 10. Bf1 a6 11. b3 Ng4 12. h3 Bf6 13. Bd2 Nge5 14. Nxe5 Bxe5 15. Rb1 f5 16. exf5 Rxf5 17. Ne2 Qf6 18. Be3 Rf8 19. f4 Qg6 20. Kh2 Nf6 21. Qd2 Nh5 22. g3 Bf3 23. Bf2 Bxe2 24. Rxe2 Nxf4 25. Rxe5 dxe5 26. gxf4 Rxf4 27. Bg3 Rxf1 28. Rxf1 Rxf1 29. Qg2 Qf6 30. Qa8+ Kf7 31. Qxa6 e4 32. Qb7+ Kg6 33. Qxe4+ Qf5 34. Qe2 Rf3 35. b4 Rxd3 36. bxc5 bxc5 37. a4 Rc3 38. Kg1 Rc1+ 39. Be1 Rc2 40. Qe3 Qg5+ 41. Qxg5+ Kxg5 42. Bg3 Rxc4 43. a5 Ra4 44. Bc7 Ra2 45. Bb6 c4 46. Kf1 Kf4 47. Ke1 Ke4 48. Kd1 Kd3 0-1

[Event "Novosibirsk Sukharev Memorial Seniors"]
[Site "Novosibirsk"]
[Date "2012.07.22"]
[Round "5"]
[White "Merkuriev, Vyacheslav Aleksand"]
[Black "Chernoev, Yakov"]
[Result "1/2-1/2"]
[WhiteElo "1982"]
[BlackElo "1875"]
[PlyCount "99"]
[EventDate "2012.07.18"]
[EventType "swiss"]
[EventRounds "9"]
[EventCountry "RUS"]
[SourceTitle "EXT 2014"]
[Source "ChessBase"]
[SourceDate "2013.11.20"]
[SourceVersion "1"]
[SourceVersionDate "2013.11.20"]
[SourceQuality "1"]

1. e4 e5 2. Nf3 Nc6 3. Bb5 a6 4. Bxc6 dxc6 5. d4 exd4 6. Qxd4 Qxd4 7. Nxd4 Bd7 8. Be3 0-0-0 9. Nd2 Re8 10. 0-0-0 Nf6 11. f3 h6 12. Rhe1 Bd6 13. g3 g5 14. N4b3 g4 15. Bd4 Be5 16. Bxe5 Rxe5 17. f4 Re7 18. e5 Ne8 19. Nc5 Bf5 20. Nc4 Ng7 21. Ne3 a5 22. Nxf5 Nxf5 23. Ne4 h5 24. Rd3 b6 25. Red1 h4 26. Nf6 hxg3 27. hxg3 Rh3 28. Rg1 Nh6 29. Rdd1 Nf5 30. Nxg4 Rxg3 31. Nf6 c5 32. b3 Nd4 33. Rxg3 Ne2+ 34. Kb2 Nxg3 35. Rd2 Nf5 36. c3 c6 37. Rh2 Kb7 38. Rh7 Ne3 39. c4 b5 40. cxb5 cxb5 41. Ne4 Kc6 42. Nd6 Nd5 43. Nxf7 Nxf4 44. Nd8+ Kd7 45. Rxe7+ Kxe7 46. Nb7 Nd3+ 47. Kc3 Nxe5 48. Nxc5 Nc6 49. a4 bxa4 50. Nxa4 1/2-1/2

[Event "Novosibirsk AS-90 Seniors op"]
[Site "Novosibirsk"]
[Date "2010.11.05"]
[Round "1.1"]
[White "Nikitin, Gennady Sergeevich"]
[Black "Chernoev, Yakov"]
[Result "1-0"]
[WhiteElo "2110"]
[BlackElo "1867"]
[PlyCount "37"]
[EventDate "2010.11.05"]
[EventType "swiss"]
[EventRounds "9"]
[EventCountry "RUS"]
[SourceTitle "EXT 2022"]
[Source "ChessBase"]
[SourceDate "2021.10.06"]
[SourceVersion "1"]
[SourceVersionDate "2021.10.06"]
[SourceQuality "1"]

1. e4 e6 2. d4 g6 3. c4 Bg7 4. Nc3 d6 5. Be3 Nd7 6. Qd2 Ne7 7. 0-0-0 0-0 8. h4 c6 9. h5 f5 10. hxg6 hxg6 11. Bh6 Rf7 12. Nf3 Nf8 13. Ng5 Bxh6 14. Rxh6 Rg7 15. Bd3 Nh7 16. Rdh1 Nd5 17. Rxh7 Rxh7 18. Rxh7 Nf6 19. Rh8+ 1-0

[Event "Novosibirsk Sukharev Memorial Seniors"]
[Site "Novosibirsk"]
[Date "2010.07.23"]
[Round "6"]
[White "Merkuriev, Vyacheslav Aleksand"]
[Black "Chernoev, Yakov"]
[Result "1-0"]
[WhiteElo "1980"]
[BlackElo "1892"]
[PlyCount "93"]
[EventDate "2010.07.18"]
[EventType "swiss"]
[EventRounds "9"]
[EventCountry "RUS"]
[SourceTitle "EXT 2011"]
[Source "ChessBase"]
[SourceDate "2010.11.26"]
[SourceVersion "1"]
[SourceVersionDate "2010.11.26"]
[SourceQuality "1"]

1. e4 c5 2. Nf3 d6 3. d4 cxd4 4. Nxd4 Nf6 5. Nc3 a6 6. Be2 g6 7. Be3 Bg7 8. f3 b5 9. Qd2 Bb7 10. 0-0-0 Nbd7 11. h4 h5 12. Kb1 Rc8 13. Nb3 Ne5 14. Rhg1 Nc4 15. Bxc4 Rxc4 16. e5 Nd7 17. exd6 e6 18. Bg5 Qb6 19. Be7 a5 20. Ne2 b4 21. Qd3 Ba6 22. Qd2 Bh6 23. Bg5 Bg7 24. Qe3 a4 25. Nbd4 0-0 26. b3 axb3 27. cxb3 Rcc8 28. Be7 Rfe8 29. Qd2 Qa5 30. a4 Bxe2 31. Nxe2 Rc5 32. Rc1 Rec8 33. Rxc5 Rxc5 34. Nf4 Rc3 35. Rc1 Bh6 36. Bg5 Bf8 37. Nd3 Qb6 38. Ka1 Qxd6 39. Rxc3 bxc3 40. Qxc3 Qa3+ 41. Kb1 Bg7 42. Qc8+ Kh7 43. Qxd7 Qa1+ 44. Kc2 Qa2+ 45. Kd1 Qxb3+ 46. Ke2 e5 47. a5 1-0

[Event "Novosibirsk op"]
[Site "Novosibirsk"]
[Date "2010.06.11"]
[Round "8"]
[White "Musurmankulova, Zauresh"]
[Black "Chernoev, Yakov"]
[Result "0-1"]
[WhiteElo "1575"]
[BlackElo "1922"]
[PlyCount "90"]
[EventDate "2010.06.03"]
[EventType "swiss"]
[EventRounds "9"]
[EventCountry "RUS"]
[SourceTitle "CBM 136 Extra"]
[Source "ChessBase"]
[SourceDate "2010.07.02"]
[SourceVersion "2"]
[SourceVersionDate "2010.07.15"]
[SourceQuality "1"]

1. e4 e6 2. d4 d5 3. e5 c5 4. c3 Nc6 5. Nf3 Qb6 6. a3 a5 7. Bd3 Bd7 8. 0-0 cxd4 9. cxd4 Nxd4 10. Nxd4 Qxd4 11. Nc3 Qxe5 12. Re1 Qd6 13. Nb5 Bxb5 14. Bxb5+ Ke7 15. Be3 f6 16. Rc1 Kf7 17. Bc5 Qd8 18. Qg4 e5 19. Bxf8 Kxf8 20. Red1 Ne7 21. Rd2 Rc8 22. Rcd1 Rc5 23. Bd7 g6 24. Be6 d4 25. Qf3 Nc6 26. b4 axb4 27. axb4 Rb5 28. Qa3 Qe7 29. Bh3 Qxb4 30. Qa8+ Kg7 31. Qa2 Rd8 32. Re2 Qb3 33. Qa1 Ra8 34. Qc1 Ra2 35. Ree1 Qc2 36. Qxc2 Rxc2 37. g3 Rbb2 38. Rf1 f5 39. Bg2 e4 40. h4 Kf6 41. Ra1 e3 42. Bf3 Ne5 43. Bd5 Rxf2 44. Rxf2 Rxf2 45. Bxb7 Nf3+ 0-1

[Event "Novosibirsk Region-ch Seniors"]
[Site "Novosibirsk"]
[Date "2009.02.??"]
[Round "9"]
[White "Chernoev, Yakov"]
[Black "Ignatov, Anatoly"]
[Result "1-0"]
[WhiteElo "1949"]
[BlackElo "1898"]
[PlyCount "82"]
[EventDate "2009.02.??"]
[EventType "swiss"]
[EventRounds "9"]
[EventCountry "RUS"]
[SourceTitle "EXT 2012"]
[Source "ChessBase"]
[SourceDate "2011.11.24"]
[SourceVersion "1"]
[SourceVersionDate "2011.11.24"]
[SourceQuality "1"]

1. c4 Nf6 2. Nc3 g6 3. e3 Bg7 4. d4 0-0 5. Be2 d6 6. h4 h5 7. Nf3 Bg4 8. Qc2 Nc6 9. a3 a5 10. b3 e5 11. dxe5 dxe5 12. Bb2 Re8 13. Rd1 Qc8 14. Nd5 Bf5 15. Qc1 Bg4 16. Qc2 Bf5 17. Qc1 Bg4 18. 0-0 Ne4 19. Rfe1 Nc5 20. Qc3 Ne4 21. Qc1 Nc5 22. b4 axb4 23. axb4 Na4 24. Ba1 Nd8 25. e4 c6 26. Ne3 Bxf3 27. Bxf3 Ne6 28. g3 Nd4 29. Bxd4 exd4 30. Ng2 Nc3 31. Rd3 b6 32. Nf4 c5 33. bxc5 bxc5 34. Nd5 Nxd5 35. exd5 Rxe1+ 36. Qxe1 Ra4 37. Rb3 Kf8 38. d6 Bf6 39. Rb7 d3 40. Kg2 Qe6 41. Rb8+ Kg7 1-0

[Event "Novosibirsk Region-ch Seniors"]
[Site "Novosibirsk"]
[Date "2009.02.??"]
[Round "4"]
[White "Chesnokov, Gennady"]
[Black "Chernoev, Yakov"]
[Result "0-1"]
[WhiteElo "2019"]
[BlackElo "1949"]
[PlyCount "87"]
[EventDate "2009.02.??"]
[EventType "swiss"]
[EventRounds "9"]
[EventCountry "RUS"]
[SourceTitle "EXT 2012"]
[Source "ChessBase"]
[SourceDate "2011.11.24"]
[SourceVersion "1"]
[SourceVersionDate "2011.11.24"]
[SourceQuality "1"]

1. e4 e5 2. f4 d6 3. Nf3 Nd7 4. Bc4 Be7 5. d3 Ngf6 6. Bxf7+ Kxf7 7. Ng5+ Kg8 8. Ne6 Qe8 9. Nxc7 Qd8 10. Nxa8 Nf8 11. 0-0 Bg4 12. Qe1 Qxa8 13. Nc3 h6 14. f5 Kh7 15. h3 Bh5 16. g4 Bf7 17. g5 hxg5 18. Bxg5 Kg8 19. Kg2 Qd8 20. Ne2 Rh5 21. Be3 b6 22. Rg1 d5 23. c3 dxe4 24. Ng3 Rh4 25. Bg5 Rh7 26. dxe4 N6d7 27. Bxe7 Qxe7 28. Qe3 Qh4 29. Rh1 Rh6 30. b3 Nf6 31. Rae1 Nh5 32. Nxh5 Rxh5 33. Kh2 Nd7 34. Rhg1 Nf6 35. Qg3 Rh7 36. Re3 Qxg3+ 37. Rgxg3 Rh4 38. Rg1 Rf4 39. Reg3 Nh5 40. Rg4 Rf2+ 41. R4g2 Rxg2+ 42. Kxg2 Nf4+ 43. Kf3 Bh5+ 44. Ke3 0-1

[Event "Novosibirsk Sibiria op-D"]
[Site "Novosibirsk"]
[Date "2007.07.28"]
[Round "9"]
[White "Kuzin, Vladimir"]
[Black "Chernoev, Yakov"]
[Result "1-0"]
[WhiteElo "2026"]
[BlackElo "1942"]
[PlyCount "119"]
[EventDate "2007.07.20"]
[EventType "swiss"]
[EventRounds "9"]
[EventCountry "RUS"]
[SourceTitle "EXT 2008"]
[Source "ChessBase"]
[SourceDate "2007.11.25"]
[SourceVersion "1"]
[SourceVersionDate "2007.11.25"]
[SourceQuality "1"]

1. c4 e5 2. Nc3 Nf6 3. g3 Bc5 4. e3 0-0 5. Bg2 c6 6. Nge2 Na6 7. a3 Nc7 8. b4 Be7 9. 0-0 d5 10. c5 Be6 11. d4 e4 12. a4 a6 13. h3 h6 14. Nf4 Bd7 15. Kh2 Ne6 16. f3 exf3 17. Bxf3 Ng5 18. Bg2 Qc8 19. Bb2 Bf5 20. Ra2 Nge4 21. Nxe4 Bxe4 22. Bc1 Bxg2 23. Rxg2 Ne4 24. b5 axb5 25. axb5 Nc3 26. Qb3 Ne4 27. b6 Qd7 28. Nd3 Bf6 29. Bb2 Qe7 30. Qd1 Ra2 31. Qb3 Rfa8 32. Rc1 R2a5 33. Qd1 Ng5 34. h4 Ne4 35. Qg4 Re8 36. Rf1 Qe6 37. Qh5 Be7 38. Ne5 Bf6 39. Nd3 Bd8 40. Bc1 Nf6 41. Qf3 Qe4 42. Ne5 Re7 43. Rb2 Ra8 44. Qe2 Rxe5 45. Rf4 h5 46. Rxe4 Rxe4 47. Ra2 Rb8 48. Ra7 Rg4 49. Bd2 Re4 50. Qd3 Ng4+ 51. Kg2 g5 52. Qa3 Kg7 53. Ra8 Rxa8 54. Qxa8 Bf6 55. Qxb7 gxh4 56. Qxc6 h3+ 57. Kxh3 Bxd4 58. Qxd5 Nf6 59. Qg5+ Kf8 60. exd4 1-0

[Event "Novosibirsk Sibiria op-D"]
[Site "Novosibirsk"]
[Date "2007.07.20"]
[Round "1"]
[White "Shilenko, Vladimir"]
[Black "Chernoev, Yakov"]
[Result "1-0"]
[WhiteElo "2121"]
[BlackElo "1942"]
[PlyCount "47"]
[EventDate "2007.07.20"]
[EventType "swiss"]
[EventRounds "9"]
[EventCountry "RUS"]
[SourceTitle "EXT 2008"]
[Source "ChessBase"]
[SourceDate "2007.11.25"]
[SourceVersion "1"]
[SourceVersionDate "2007.11.25"]
[SourceQuality "1"]

1. f4 Nf6 2. Nf3 d6 3. d3 g6 4. e4 Bg7 5. c3 0-0 6. Be2 Nbd7 7. 0-0 e5 8. Qe1 exf4 9. Bxf4 Nh5 10. Bg5 f6 11. Be3 Bh8 12. d4 Nb6 13. Nbd2 c6 14. Qh4 Ng7 15. Rae1 d5 16. Bd3 dxe4 17. Nxe4 Nf5 18. Qf2 Nxe3 19. Qxe3 Bg7 20. Nc5 Kh8 21. Qf4 Nd5 22. Qh4 f5 23. Ng5 h6 24. Nf7+ 1-0